000 00547nam a2200193 i 4500
001 130053
003 ES-MaACL
005 20250906063114.0
007 t|
008 070717s1948 sp ||||1| spa d
100 1 _aZúñiga, Ángel,
_d1911-1994
_9150772
245 1 0 _aUna historia del cine /
_cAngel Zúñiga.
250 _a[1ª ed.].
260 _aBarcelona :
_bDestino,
_c[1948]
300 _a2 v. :
_bil. ;
_c25 cm.
650 _aCine-
_vHistoria.
_9171029
852 _aES-MaACL
_jB-7453-54
_bR.26917
999 _c130053
_d130053